| 000 | 00756nam a22002292 4500 | ||
|---|---|---|---|
| 001 | 0000000983 | ||
| 005 | 20151217151802.0 | ||
| 008 | 070222s xx 000 0 eng d | ||
| 020 |
_a1576731006 : _cKES 1,010 |
||
| 040 |
_aKABU _cKABU |
||
| 050 | 0 |
_aBT732 _b.D86 1997 |
|
| 100 | 1 |
_aDunn, Ronald. _@0000149448 |
|
| 245 | 1 | 0 |
_aWill God heal me? : _bfaith in the midst of suffering / _cRon Dunn. |
| 260 |
_aSisters, Or. : _bMultnomah Books, _cc1997. |
||
| 300 |
_a221 p. ; _c24 cm. |
||
| 650 | 0 |
_aHealth _xReligious aspects _xChristianity. _@0000149449 |
|
| 650 | 0 |
_aSuffering _xReligious aspects _xChristianity. _@0000149392 |
|
| 650 | 0 |
_aGod _xWill. _@0000149450 |
|
| 908 | _a070222 | ||
| 950 | _@1 | ||
| 999 |
_c5013 _d5013 |
||